| 000 | 00505nam a2200193Ia 4500 | ||
|---|---|---|---|
| 005 | 20250508163541.0 | ||
| 008 | 008 250505s9999 xx 000 0 hin d | ||
| 020 | _a81-7315-167-9 | ||
| 037 | _aTextual | ||
| 040 |
_aFEDL _beng _cFEDL |
||
| 041 |
_ahin _2eng |
||
| 084 |
_a491.4, NAG _qFEDL |
||
| 100 | _aNagendra | ||
| 245 | 0 | _aBhartiya sahitya | |
| 260 |
_aDelhi, India _bPrabhatr Prakashan _c1995 |
||
| 300 | _axxxii,628p | ||
| 942 |
_cTEXL _h491.4, NAG |
||
| 999 |
_c1384022 _d1384022 |
||